Principles of foundation engineering

Helps you master the fundamental concepts and applications of foundation analysis design. This text offers worked out examples and figures that show you how to do the work you will be doing as a civil engineer, and helps you develop the judgment needed to properly apply theories and analysis to the...

ver descrição completa

Na minha lista:
Detalhes bibliográficos
Autor principal: Das, Braja M.
Formato: Livro
Idioma:Undetermined
Publicado em: Australia Cengage Learning 2016
Assuntos:
Tags: Adicionar Tag
Sem tags, seja o primeiro a adicionar uma tag!
Thư viện lưu trữ: Trung tâm Học liệu Trường Đại học Cần Thơ
LEADER 00871nam a2200205Ia 4500
001 CTU_207481
008 210402s9999 xx 000 0 und d
020 |c 4005000 
082 |a 624.15 
082 |b D229 
100 |a Das, Braja M. 
245 0 |a Principles of foundation engineering 
245 0 |c Braja M. Das 
260 |a Australia 
260 |b Cengage Learning 
260 |c 2016 
520 |a Helps you master the fundamental concepts and applications of foundation analysis design. This text offers worked out examples and figures that show you how to do the work you will be doing as a civil engineer, and helps you develop the judgment needed to properly apply theories and analysis to the evaluation of soils and foundation design 
650 |a Xây dựng,Foundations 
904 |i Bằng 
980 |a Trung tâm Học liệu Trường Đại học Cần Thơ